Archivo de documentación histórica 9 /
Guardado en:
| Autor Principal: | |
|---|---|
| Otros Autores: | , , |
| Formato: | Libro |
| Publicado: |
Buenos Aires :
Aique
|
| Series: | Colección libros y + Egb 3
|
| Materias: | |
| Etiquetas: |
Agregar Etiqueta
Sin Etiquetas, Sea el primero en etiquetar este registro!
|
| LEADER | 01048nam a22002775a 4500 | ||
|---|---|---|---|
| 001 | CEM.cems011325 | ||
| 005 | 20071018191750.0 | ||
| 008 | 130507b######################000#0#####d | ||
| 003 | CEMS | ||
| 020 | |a 9507016724 | ||
| 082 | 0 | 4 | |a 302 |
| 100 | 1 | |a Alonso, María Ernestina | |
| 245 | 1 | 0 | |a Archivo de documentación histórica 9 / |c María Ernestina Alonso, Mariana Lewcowicz, Miguel Mazzeo, Enrique Carlos Vázquez |
| 260 | |a Buenos Aires : |b Aique | ||
| 300 | |a 32 p. | ||
| 490 | 0 | |a Colección libros y + Egb 3 | |
| 500 | |a Incluye un conjunto de fuentes primarias y secundarias, escritas e iconográficas | ||
| 653 | |a Historia | ||
| 653 | |a Ciencias sociales-9º egb | ||
| 653 | |a Historia-documentos | ||
| 700 | 1 | |a Lewcowicz, Mariana | |
| 700 | 1 | |a Mazzeo, Miguel | |
| 700 | 1 | |a Vázquez, Enrique Carlos | |
| 859 | |a CEMS |b BIB. CEMS - 11 de abril |h 302 |i AL64-2 |p 22250.03 |t Ej.1 |v 9º |3 9º | ||
| 859 | |a CEMS |b BIB. CEMS - 11 de abril |h 302 |i AL64-2 |p 22251.03 |t Ej.2 |v 9º |3 9º | ||
| 859 | |a CEMS |b BIB. CEMS - 11 de abril |h 302 |i AL64-2 |p 22252.03 |t Ej.3 |v 9º |3 9º | ||
